Quản lý bưu chính : lý thuyết và ứng dụng. Tập 1 T.1

Guardat en:
Dades bibliogràfiques
Autor principal: Nguyễn Hoài Anh
Format: Llibre
Publicat: Bưu điện 2006
Etiquetes: Afegir etiqueta
Sense etiquetes, Sigues el primer a etiquetar aquest registre!
Thư viện lưu trữ: Mạng thư viện Đại học Đà Nẵng
LEADER 00620nam a2200229 a 4500
001 000029893
003 27141
005 20171030145630.0
008 171030s2006
020 |c 30000 
040 |a LTT 
082 0 |a 383.06  |b NG-A 
100 1 |a Nguyễn Hoài Anh 
245 0 0 |a Quản lý bưu chính : lý thuyết và ứng dụng. Tập 1  |c Nguyễn Hoài Anh, Nguyễn Quảng, Ao Thu Hoài.  |n T.1 
260 |b Bưu điện  |c 2006 
OWN |a LTT 
999 |a From the UDN01 
TYP |a Monograph 
TYP |a Printed language 
980 |a Mạng thư viện Đại học Đà Nẵng